The human factor in Argentine agriculture (Registro nro. 23100)

Detalles MARC
000 -LEADER
fixed length control field 00333 a2200109 4500
001 - CONTROL NUMBER
control field ART_58359
005 - DATE AND TIME OF LATEST TRANSACTION
control field 20260410161830.0
008 - FIXED-LENGTH DATA ELEMENTS--GENERAL INFORMATION
fixed length control field 260409a
100 1# - MAIN ENTRY--PERSONAL NAME
Personal name Gallacher, Marcos
245 10 - TITLE STATEMENT
Title The human factor in Argentine agriculture
773 0# - HOST ITEM ENTRY
Title Estudios Económicos
Related parts - Vol. 38, Nº 77 (jul./dic. 2021)
Record control number REV5080

No hay ítems disponibles.